[Event "TCh-CZE Liga 1 Zapad"]
[Site "Czech Rep CZE"]
[Date "2012.02.26"]
[Round "9.4"]
[White "Rehak,M"]
[Black "Meduna,E1"]
[Result "0-1"]
[WhiteElo "2129"]
[BlackElo "2420"]

1.c4 c6 2.Nf3 Nf6 3.b3 d5 4.Bb2 Bg4 5.h3 Bxf3 6.gxf3 Nbd7 7.f4 e6 8.e3 g6
9.d3 Bg7 10.Nd2 O-O 11.Nf3 c5 12.cxd5 exd5 13.Qd2 d4 14.O-O-O Nd5 15.Bg2 Nc3
16.Bxc3 dxc3 17.Qc2 a5 18.a4 Qe7 19.Ne5 Nxe5 20.fxe5 Bxe5 21.Bd5 Rad8 22.Bc4 Kh8
23.Rde1 Bg7 24.Kb1 Rd6 25.Qe2 Rfd8 26.Kc2 h5 27.Qf3 Rxd3 28.Rd1 Rd2+ 29.Rxd2 Rxd2+
30.Kc1 Ra2 31.Rd1 c2 32.Rd5 f5 33.Rxf5 Bb2+ 34.Kxc2 Bf6+ 35.Kd1 Ra1+ 36.Kc2 gxf5
37.Qxh5+ Kg7 38.Qxf5 Qe8 39.Qxc5 Re1  0-1

[Event "Schachbundesliga 2011-12"]
[Site "Hockenheim GER"]
[Date "2012.02.26"]
[Round "11"]
[White "Abel,D"]
[Black "Gasthofer,A"]
[Result "1-0"]
[WhiteElo "2427"]
[BlackElo "2456"]

1.c4 c6 2.Nf3 d5 3.g3 Nf6 4.Bg2 g6 5.O-O Bg7 6.Qc2 O-O 7.b3 d4 8.d3 c5 9.b4 cxb4
10.a3 b3 11.Qxb3 Nc6 12.Nbd2 Nd7 13.a4 b6 14.Ba3 Rb8 15.Rfb1 Bb7 16.Qc2 Na5
17.Nb3 Nxb3 18.Rxb3 Bc6 19.Rbb1 Re8 20.Nd2 Qc7 21.Bxc6 Qxc6 22.Qb3 Qe6 23.Re1 Ne5
24.Nf3 Nxf3+ 25.exf3 Qc6 26.f4 e6 27.Re4 Red8 28.Qb5 Qb7 29.Rb1 a6 30.Qb3 Rd7
31.Ree1 Qc6 32.Rec1 Rdb7 33.Qd1 h5 34.h4 Qd7 35.Qf3 e5 36.fxe5 Bxe5 37.Re1 Qxa4
38.Bc1 Qa5 39.Re2 Bd6 40.Bb2 Qc5 41.Re4 b5 42.Bxd4 Qf5 43.Qe3 Bf8 44.Re5 Qc8
45.c5 Bg7 46.Rd5 Bxd4 47.Qxd4 b4 48.Rd6 Rc7 49.Rxb4 Rxb4 50.Qxb4 Rxc5 51.Qd4  1-0

[Event "PriFO Champ RUS 2012"]
[Site "Tolyatti RUS"]
[Date "2012.02.27"]
[Round "1.10"]
[White "Isajevsky,A"]
[Black "Gorozhanin,M"]
[Result "1/2-1/2"]
[WhiteElo "2426"]
[BlackElo "2252"]

1.c4 c6 2.Nf3 d5 3.e3 Nf6 4.Nc3 e6 5.b3 Bd6 6.Bb2 O-O 7.Qc2 a6 8.d4 Nbd7
9.Be2 b6 10.O-O c5 11.cxd5 exd5 12.e4 cxd4 13.Nxd5 Nxd5 14.exd5 Bb7 15.Nxd4 Bxd5
16.Rad1 Rc8 17.Qd2 Qh4 18.g3 Qh3 19.Nf3 Bxf3 20.Bxf3 Be5 21.Qe2 Rce8 22.Bg4 Bxb2
23.Qxe8 Qxf1+ 24.Kxf1 Rxe8 25.Rxd7 Ba3 26.Be2 a5  1/2-1/2

[Event "PriFO Champ RUS 2012"]
[Site "Tolyatti RUS"]
[Date "2012.02.28"]
[Round "2.19"]
[White "Gerasimov,I"]
[Black "Sadykov,Ra"]
[Result "1/2-1/2"]
[WhiteElo "2333"]
[BlackElo "2214"]

1.c4 c6 2.e4 d5 3.exd5 cxd5 4.cxd5 Nf6 5.Nc3 Nxd5 6.Nf3 Nc6 7.d4 Bg4 8.Qb3 Bxf3
9.gxf3 e6 10.Qxb7 Nxd4 11.Bb5+ Nxb5 12.Qxb5+ Qd7 13.Nxd5 exd5 14.Qxd7+ Kxd7
15.Be3 Bb4+ 16.Ke2 Rhc8 17.Kd3 Ba5 18.Rac1 Bb6 19.Rxc8 Rxc8 20.Rg1 g6 21.Rg4 Rc7
22.Rb4 Rc6 23.Rb5 Rd6 24.Bd4 Kc6 25.Rb3 Re6 26.Rc3+ Kd6 27.Rb3 Kc6 28.Rc3+ Kd6
29.Rb3 Kc6 30.Rc3+  1/2-1/2

[Event "29th Ciocaltea Mem"]
[Site "Bucharest ROU"]
[Date "2012.03.02"]
[Round "1"]
[White "Szabo,G ROM"]
[Black "Murariu,A"]
[Result "1/2-1/2"]
[WhiteElo "2553"]
[BlackElo "2501"]

1.c4 c6 2.e4 e5 3.Nf3 d6 4.d4 Bg4 5.Nc3 Nd7 6.Be3 Be7 7.Qd2 Ngf6 8.Be2 O-O
9.O-O a5 10.Rad1 a4 11.Ne1 Bxe2 12.Qxe2 Qa5 13.Nc2 exd4 14.Bxd4 Rfe8 15.f3 Nc5
16.Qf2 Ne6 17.Be3 Nd7 18.f4 Nec5 19.Bd4  1/2-1/2

[Event "4th Coral Colon IM"]
[Site "Sabadell ESP"]
[Date "2012.03.02"]
[Round "4"]
[White "Cruz,F"]
[Black "Avila Jimenez,J"]
[Result "1/2-1/2"]
[WhiteElo "2428"]
[BlackElo "2329"]

1.c4 c6 2.d4 d5 3.Nc3 dxc4 4.Nf3 b5 5.g3 Nf6 6.Bg2 Bb7 7.O-O Nbd7 8.e4 e6
9.Qc2 Be7 10.Rd1 O-O 11.Ng5 Ng4 12.Nf3 Ngf6 13.h3  1/2-1/2

[Event "TCh-AUT 2 Ost 2011-12"]
[Site "Bruck AUT"]
[Date "2012.03.03"]
[Round "6"]
[White "Juhasz,Kr"]
[Black "Hangweyrer,M"]
[Result "1/2-1/2"]
[WhiteElo "2357"]
[BlackElo "2320"]

1.c4 c6 2.e4 d5 3.exd5 cxd5 4.d4 Nf6 5.Nc3 e6 6.Nf3 Bb4 7.cxd5 Nxd5 8.Bd2 Nd7
9.Bd3 Nxc3 10.bxc3 Bd6 11.O-O Nf6 12.Bg5 Bd7 13.Ne5 Qc7 14.Bxf6 gxf6 15.Nxd7 Kxd7
16.Qf3 Ke7 17.h3 Rad8 18.Be4 b6 19.Rfe1 h6 20.a4 Rc8 21.Rec1 Rhg8 22.Rc2 Rg5
23.Qe2 Qc4 24.Bd3 Qc6 25.Be4 Qc4 26.Bd3 Qc6 27.Be4  1/2-1/2

[Event "TCh-CAT 2012"]
[Site "Catalunya ESP"]
[Date "2012.03.03"]
[Round "6.9"]
[White "Fernandez Madrid,C"]
[Black "Codina Garcia,J"]
[Result "1/2-1/2"]
[WhiteElo "2175"]
[BlackElo "2130"]

1.c4 c6 2.Nf3 Nf6 3.g3 g6 4.b3 Bg7 5.Bb2 O-O 6.Bg2 d5 7.O-O Nbd7 8.d4 Ne4
9.Nc3 Ndf6 10.Rc1 Be6 11.cxd5 Nxc3 12.Bxc3 Bxd5 13.Bb4 Re8 14.e3 Nd7 15.Re1 Be4
16.Bh3 Bxf3 17.Qxf3 e6 18.Red1 a5 19.Bc3 a4 20.e4 axb3 21.axb3 Qb6 22.d5 cxd5
23.Bxg7 Kxg7 24.exd5 Ne5 25.Qc3 exd5 26.Rxd5 Ra2 27.Rf1 Qf6 28.Bg2 Nc6 29.Qxf6+ Kxf6
30.Rd7 Re7  1/2-1/2

[Event "XII Festival da Uva Open"]
[Site "Caxias do Sul BRA"]
[Date "2012.03.03"]
[Round "5"]
[White "Flores,Di"]
[Black "El Debs,F"]
[Result "1/2-1/2"]
[WhiteElo "2599"]
[BlackElo "2507"]

1.c4 c6 2.Nf3 d5 3.e3 Nf6 4.Nc3 g6 5.d4 Bg7 6.Bd3 O-O 7.h3 c5 8.dxc5 dxc4
9.Bxc4 Qxd1+ 10.Kxd1 Nbd7 11.Ke2 Nxc5 12.Rd1 b6 13.Bd2 Bb7 14.Be1 Nfe4 15.Nxe4 Bxe4
16.Bc3 Bxc3 17.bxc3 Rac8 18.Rd4 Rc7 19.a4 Bb7 20.a5 b5 21.Bd5 Bxd5 22.Rxd5 Ne4
23.Ke1 Nxc3 24.Rd4 a6 25.Ne5 Na4 26.Nd3 Nc5 27.Nxc5 Rxc5 28.Rd7 Rfc8 29.Rad1 R5c7
30.Rxc7 Rxc7 31.Rd8+ Kg7 32.Ra8 Rc6 33.Ra7 Kf6 34.Kd2 g5 35.g4 b4 36.Rb7  1/2-1/2

[Event "XII Festival da Uva Open"]
[Site "Caxias do Sul BRA"]
[Date "2012.03.03"]
[Round "6"]
[White "Hungaski,R"]
[Black "Flores,Di"]
[Result "1-0"]
[WhiteElo "2507"]
[BlackElo "2599"]

1.c4 c6 2.Nf3 Nf6 3.g3 b5 4.b3 d5 5.Bg2 e6 6.O-O Be7 7.Bb2 O-O 8.d3 Bb7 9.Nbd2 Nbd7
10.Qc2 a6 11.e4 c5 12.e5 Ne8 13.Rfe1 Nc7 14.Rad1 f5 15.exf6 Bxf6 16.d4 Rb8
17.Bc1 bxc4 18.bxc4 dxc4 19.Ne4 Bd5 20.Nxf6+ Qxf6 21.dxc5 Qe7 22.c6 Nc5 23.Ne5 Bxg2
24.Kxg2 Nd5  1-0

[Event "European Ind w 2012"]
[Site "Gaziantep TUR"]
[Date "2012.03.03"]
[Round "2"]
[White "Molchanova,T"]
[Black "Ushenina,A"]
[Result "1/2-1/2"]
[WhiteElo "2346"]
[BlackElo "2458"]

1.c4 c6 2.Nf3 d5 3.e3 Nf6 4.Nc3 e6 5.b3 Nbd7 6.Bb2 a6 7.d4 Bd6 8.Bd3 O-O
9.O-O e5 10.cxd5 cxd5 11.e4 exd4 12.Nxd5 Nxd5 13.exd5 Nf6 14.Nxd4 Re8 15.Nf5 Bxf5
16.Bxf5 Be5 17.Rb1 Qd6 18.g3 Bxb2 19.Rxb2 Qe5 20.Qb1 Rad8 21.Rd2 Rxd5 22.Rxd5 Qxd5
23.Rd1 Qe5 24.Qd3 Qb2 25.Qd2 Qe5 26.Qd3 Qb2 27.Qd2 Qe5 28.Bh3 g6 29.Bg2 Qe7
30.Bf3 Kg7 31.Qd4 Rc8 32.Qd6 Qxd6 33.Rxd6 Rc1+ 34.Kg2 Rc2 35.a4 Rc3 36.b4 b5
37.axb5 axb5 38.Rb6 Nd7 39.Rxb5 Kf6 40.Bd5 Rd3 41.f4 Ke7 42.Kf2 Rd2+ 43.Ke3 Rxh2
44.Rb7 Kd6 45.Bxf7 Rg2 46.Kf3 Rc2 47.Bg8 Rc3+ 48.Kg2 h6 49.Bh7 g5 50.Bf5 Nf6
51.Rb6+ Ke7 52.Re6+ Kf7 53.Ra6 Ke7 54.fxg5 hxg5 55.Re6+ Kf7 56.Ra6 Ke7  1/2-1/2

[Event "TCh-AUT 1st Bundesliga 2012"]
[Site "St. Veit AUT"]
[Date "2012.03.03"]
[Round "6.4"]
[White "Pitl,G"]
[Black "Diermair,A"]
[Result "1/2-1/2"]
[WhiteElo "2377"]
[BlackElo "2429"]

1.c4 c6 2.Nf3 d5 3.g3 Nf6 4.Bg2 Bf5 5.cxd5 cxd5 6.Qb3 Nc6 7.d3 e5 8.Nc3 Qd7
9.Bg5 Be6 10.Bxf6 gxf6 11.Qa4 Be7 12.Rc1 f5 13.O-O O-O 14.e3 Kh8 15.Kh1 a6
16.Ne2 f6 17.a3 b5 18.Qd1 Rac8 19.Nd2 Bd6 20.Nb3 Ne7 21.d4 Rc4 22.dxe5 fxe5
23.f4 e4 24.Ned4 Bf7 25.Bh3 Rfc8 26.Rb1 Bg6 27.Na5 Ra4 28.Nab3 Rac4 29.Na5 Ra4
30.Nab3 Rac4  1/2-1/2

[Event "PriFO Champ RUS 2012"]
[Site "Tolyatti RUS"]
[Date "2012.03.03"]
[Round "7.17"]
[White "Bulavin,A"]
[Black "Pushin,V"]
[Result "1/2-1/2"]
[WhiteElo "2237"]
[BlackElo "2375"]

1.c4 c6 2.d4 d5 3.cxd5 cxd5 4.Nc3 Nf6 5.Nf3 e6 6.a3 Be7 7.Bf4 O-O 8.e3 Nh5
9.Be5 Nc6 10.Bd3 Nxe5 11.Nxe5 Nf6 12.Rc1 Bd7 13.O-O Qb6 14.b4 Rfc8 15.Nxd7 Nxd7
16.Na4 Qd8 17.Qb3 Rxc1 18.Rxc1 Rc8 19.Rc3 g6 20.Qc2 Rxc3 21.Qxc3 Bd6 22.g3 h5
23.Nc5 Bxc5 24.dxc5 Qc7 25.f4 Qc6 26.Qc2 a5 27.Qe2 Nf6 28.Bb5 Qc7 29.Qb2 Ne4
30.Bd3 h4 31.Kg2 hxg3 32.hxg3 Qc6 33.Bxe4 dxe4 34.Qd4 Qb5 35.Qxe4 Qe2+ 36.Kh3 axb4
37.axb4 Qh5+ 38.Kg2 Qe2+ 39.Kh3 Qh5+ 40.Kg2 Qe2+  1/2-1/2

[Event "TCh-AUT 2 Ost 2011-12"]
[Site "Bruck AUT"]
[Date "2012.03.04"]
[Round "7"]
[White "Kirschner,A"]
[Black "Sadilek,P"]
[Result "1-0"]
[WhiteElo "2280"]
[BlackElo "2235"]

1.c4 c6 2.Nc3 d5 3.e3 Nf6 4.d4 g6 5.Nf3 Bg7 6.Bd3 O-O 7.O-O Bg4 8.h3 Bxf3
9.Qxf3 e6 10.Rd1 Nbd7 11.b3 Re8 12.Bb2 Qe7 13.Qe2 Rad8 14.Rac1 a6 15.f4 c5
16.Ba3 dxc4 17.bxc4 Qd6 18.Na4 Nh5 19.Qf3 Qc7 20.Nxc5 Nxf4 21.Nxb7 Nxd3 22.Nxd8 N7e5
23.dxe5 Nxc1 24.Rxc1 Rxd8 25.Bd6 Rxd6 26.exd6 Qxd6 27.c5 Qe5 28.c6 Bh6 29.Kh1 Qc7
30.Rd1 Kg7 31.Rd7  1-0

[Event "TCh-AUT 2 Ost 2011-12"]
[Site "Bruck AUT"]
[Date "2012.03.04"]
[Round "7"]
[White "Stohl,I"]
[Black "Loeffler,S"]
[Result "1/2-1/2"]
[WhiteElo "2524"]
[BlackElo "2424"]

1.c4 c6 2.e4 d5 3.exd5 cxd5 4.d4 Nf6 5.Nc3 Nc6 6.Bg5 Be6 7.Be2 Qa5 8.Bxf6 exf6
9.cxd5 Bxd5 10.Bf3 Bb4 11.Bxd5 Qxd5 12.Nf3 Qe6+ 13.Qe2 O-O-O 14.Qxe6+ fxe6
15.O-O-O Rd7 16.Rhe1 Rhd8 17.Rxe6 Nxd4 18.Nxd4 Rxd4 19.Rxd4 Rxd4 20.Kc2 Kd7
21.Re2 a6 22.Rd2 Rxd2+ 23.Kxd2 Kd6 24.Kd3 f5 25.Ne2 Ke5 26.f3 g5 27.h3 b5
28.g4 Bc5 29.Kc2 Bf2 30.Kd3 Bb6 31.Kd2  1/2-1/2

[Event "2nd HD Bank Cup 2012"]
[Site "Ho Chi Minh City VIE"]
[Date "2012.03.04"]
[Round "5.1"]
[White "Ni Hua"]
[Black "Paragua,M"]
[Result "1-0"]
[WhiteElo "2637"]
[BlackElo "2519"]

1.c4 c6 2.d4 d5 3.Nf3 Nf6 4.e3 Bg4 5.h3 Bxf3 6.Qxf3 e6 7.Bd3 Bb4+ 8.Nd2 O-O
9.O-O Nbd7 10.a3 Bxd2 11.Bxd2 dxc4 12.Bxc4 e5 13.Bc3 Re8 14.Ba2 e4 15.Qf5 g6
16.Qg5 a5 17.f4 b5 18.Rad1 b4 19.Be1 Kg7 20.Bh4 Rb8 21.Bc4 h6 22.Qg3 bxa3
23.bxa3 Rb2 24.d5 cxd5 25.Rxd5 Qb6 26.Rd4 Nc5 27.f5 Nh5 28.Qg4 Rb1 29.Rxb1 Qxb1+
30.Rd1 Qb6 31.fxg6 Qxg6 32.Rd5  1-0

[Event "TCh-LTU 2012"]
[Site "Lithuania LTU"]
[Date "2012.03.04"]
[Round "7"]
[White "Zagorskis,D"]
[Black "Beinoras,M"]
[Result "1/2-1/2"]
[WhiteElo "2512"]
[BlackElo "2353"]

1.c4 c6 2.e4 d5 3.exd5 cxd5 4.d4 Nf6 5.Nc3 Nc6 6.Nf3 dxc4 7.Bxc4 e6 8.O-O Be7
9.Re1 O-O 10.a3 b6 11.d5 Na5 12.Ba2 exd5 13.Nxd5 Nxd5 14.Bxd5 Bb7 15.Bxb7 Nxb7
16.Bf4 Re8 17.Ne5 Qxd1 18.Raxd1 Bd6 19.Bg3 Bxe5 20.Rxe5 Rxe5 21.Bxe5 Rd8
22.Rxd8+ Nxd8 23.Kf1 Nc6 24.Bc3 f6 25.Ke2 Kf7 26.Kd3 b5 27.Ke4 Ke6 28.g4 g6
29.f3 a6 30.h3 h6 31.Bd2 f5+ 32.gxf5+ gxf5+ 33.Kf4 Ne5 34.Kg3 h5 35.Kf4 Nd3+
36.Kg5 Ne5 37.Kf4 Nd3+ 38.Kg5 Ne5 39.Kf4 Nd3+  1/2-1/2

[Event "TCh-AUT 1st Bundesliga 2012"]
[Site "St. Veit AUT"]
[Date "2012.03.04"]
[Round "7.2"]
[White "Sebenik,M"]
[Black "Prohaszka,P2"]
[Result "1/2-1/2"]
[WhiteElo "2529"]
[BlackElo "2547"]

1.c4 c6 2.Nf3 d5 3.e3 Nf6 4.Nc3 g6 5.d4 Bg7 6.Bd3 O-O 7.h3 b6 8.O-O Bb7 9.Re1 Nbd7
10.a4 c5 11.Nxd5 Nxd5 12.cxd5 cxd4 13.e4 Nc5 14.Bc4 Rc8 15.Nxd4 Nxe4 16.Rxe4 Rxc4
17.Ne6 Rxc1 18.Nxd8 Rxd1+ 19.Rxd1 Rxd8 20.Rxe7 Rxd5 21.Rxd5 Bxd5 22.Rxa7 Bxb2
23.Ra6 Bd4 24.a5 Kf8 25.axb6 Ke7 26.g4 Kd7 27.g5 Bb7 28.Ra4 Bxb6 29.Rb4 Kc7
30.Rh4 Kd6 31.Rb4 Kc5 32.Rh4 Kd6 33.Rb4 Kc5 34.Rh4 Bd5 35.Rxh7 Kd4 36.Rh4+ Ke5
37.Rb4 Bd4 38.h4 Be4 39.Rc4 Bf3 40.Rb4 Kd5 41.Rb3 Ke4 42.Rb7 f5 43.gxf6 Bxf6
44.Rb4+ Kf5 45.Kh2 Be4 46.Kh3 Kf4 47.Rxe4+ Kxe4 48.Kg4 Bxh4 49.Kxh4 Kf4 50.Kh3 Kf3
51.Kh4 Kf4 52.Kh3 g5 53.Kg2 g4 54.Kf1 Kf3 55.Kg1 g3 56.fxg3 Kxg3  1/2-1/2

[Event "2nd HD Bank Cup 2012"]
[Site "Ho Chi Minh City VIE"]
[Date "2012.03.05"]
[Round "6.29"]
[White "Pham Bich Ngoc"]
[Black "Le Kieu Thien Kim"]
[Result "0-1"]
[WhiteElo "2155"]
[BlackElo "2230"]

1.c4 c6 2.e4 d5 3.cxd5 cxd5 4.exd5 Nf6 5.Qa4+ Nbd7 6.Nc3 g6 7.Nf3 Bg7 8.Bc4 O-O
9.d4 a6 10.O-O b5 11.Bxb5 Nb6 12.Qb3 axb5 13.d6 Qxd6 14.Nxb5 Qd5 15.Qb4 Qd8
16.Re1 Nbd5 17.Qd2 Ba6 18.Nc3 Qc7 19.Na4 Nd7 20.b3 Bb5 21.Nb2 h6 22.a4 Rfb8
23.Qd1 Qc3 24.Ra3 e6 25.Re4 Bf8 26.Ra1 Ba6 27.Nd2 Bd3 28.Rh4 Bf5 29.g4 Bc2
30.Qf1 Nf4 31.Ndc4 Qf3 32.Bxf4 Be4  0-1

[Event "28th Cappelle Open"]
[Site "Cappelle la Grande FRA"]
[Date "2012.03.06"]
[Round "5.30"]
[White "Solak,D"]
[Black "Berg,K"]
[Result "1/2-1/2"]
[WhiteElo "2602"]
[BlackElo "2416"]

1.c4 c6 2.d4 d5 3.Nc3 Nf6 4.cxd5 cxd5 5.Bf4 Nc6 6.e3 a6 7.Rc1 Bf5 8.Nf3 e6
9.Qb3 Bd6 10.Qxb7 Na5 11.Qxa8 Qxa8 12.Bxd6 Kd7 13.Bc5 Rb8 14.Be2 Rxb2 15.Ne5+ Ke8
16.Bd1 Qb7 17.O-O Ne4 18.Ba3 Nxc3 19.Rxc3 Rxa2 20.Ba4+ Kd8 21.Rfc1 Nc4 22.Nc6+ Kc7
23.Na5 Qb8 24.Nxc4 dxc4 25.Rxc4+ Kd8 26.R4c3 Be4 27.Rb3 Qxb3 28.Bxb3 Rxa3
29.Bc4 Bd3 30.Bxd3 Rxd3 31.g4 Ra3 32.Rc5 Rb3 33.Rc6 Ra3 34.Rc5 Rb3 35.Rc6 Ra3  1/2-1/2

[Event "Tel Aviv GM"]
[Site "Tel Aviv ISR"]
[Date "2012.03.06"]
[Round "8"]
[White "Soffer,R"]
[Black "Raznikov,D"]
[Result "1/2-1/2"]
[WhiteElo "2494"]
[BlackElo "2436"]

1.c4 c6 2.Nf3 d5 3.e3 Nf6 4.Nc3 g6 5.d4 Bg7 6.Be2 O-O 7.O-O a6 8.a4 a5 9.b3 Ne4
10.Bb2 Nxc3 11.Bxc3 Bg4 12.h3 Bxf3 13.Bxf3 e6 14.b4 axb4 15.Bxb4 Re8 16.Qb3 Nd7
17.Bd6 Nb6 18.cxd5 cxd5 19.Bg3 Nc4 20.Qxb7 Re7 21.Qb5 Rea7 22.Be2 Ra5 23.Bxc4 Rxb5
24.Bxb5 Bf8 25.Rfc1 Bd6 26.Bxd6 Qxd6 27.a5 e5 28.dxe5 Qxe5 29.Bc6 Ra7 30.a6 d4
31.e4 h5 32.h4 d3 33.Bb7 Qb2 34.Rab1 Qa2 35.Ra1 Qb2 36.g3 Kg7 37.Rcb1 Qc2
38.Kg2 Qe2 39.Re1 Qb2 40.Kf3 Qc3 41.Rad1 Qc2 42.Ke3 Qc5+ 43.Kf3 Qc2 44.Rb1 d2
45.Red1 Qd3+ 46.Kg2 Qe2 47.Kg1 Kf6 48.Ra1 Kg7 49.Kg2 f6 50.Rdb1 g5 51.hxg5 fxg5
52.e5 g4 53.Rd1 Kf7 54.Bd5+ Ke7 55.Bb7 Ke6 56.Rdb1 Qxe5 57.Kf1 Kf7 58.Rd1 Qb5+
59.Kg1 Qe2 60.Bg2 Qe5 61.Bf1 h4 62.gxh4 g3 63.fxg3 Qxg3+ 64.Bg2 Qe3+ 65.Kh2 Qf4+
66.Kg1 Qe3+ 67.Kh1 Rc7 68.a7 Rxa7 69.Rxa7+ Qxa7 70.Bd5+ Kg6 71.Rxd2 Kh5 72.Bf3+ Kxh4
73.Kg2 Qe3 74.Re2 Qg5+ 75.Kf2 Kh3 76.Re4 Qg3+ 77.Ke2  1/2-1/2

[Event "Reykjavik Open"]
[Site "Reykjavik ISL"]
[Date "2012.03.08"]
[Round "3.60"]
[White "Fivelstad,Jon Olav"]
[Black "Marzano,C"]
[Result "0-1"]
[WhiteElo "1879"]
[BlackElo "2164"]

1.c4 c6 2.d4 d5 3.Nf3 Nf6 4.e3 a6 5.a4 e6 6.Bd3 dxc4 7.Bxc4 c5 8.O-O Nc6
9.dxc5 Qxd1 10.Rxd1 Bxc5 11.Nc3 b6 12.h3 Bb7 13.Bd2 Rc8 14.Rac1 Ke7 15.e4 Na5
16.Ba2 Bxe4 17.Nxe4 Nxe4 18.Be1 Nc6 19.Bc4 a5 20.Bb5 Rhd8 21.Rxd8 Nxd8 22.Kf1 Nc6
23.Ke2 h6 24.Bd3 Nd6 25.Bc3 f6 26.Rd1 e5 27.Bb1 Bb4 28.Bxb4 Nxb4 29.Nd2 Nc6
30.Rc1 Nd4+ 31.Kd1 Rxc1+ 32.Kxc1 Ne2+ 33.Kc2 Nf4 34.Kc3 Nxg2 35.Nc4 Nxc4
36.Kxc4 Kd6 37.Kb5 Kc7 38.Be4 Nf4 39.h4 Nh3 40.f3 Nf4 41.Bf5 h5 42.Bd7 g5
43.hxg5  0-1

[Event "Reykjavik Open"]
[Site "Reykjavik ISL"]
[Date "2012.03.08"]
[Round "3.14"]
[White "Papin,V"]
[Black "Coleman,T"]
[Result "0-1"]
[WhiteElo "2575"]
[BlackElo "2356"]

1.c4 c6 2.Nf3 d5 3.d4 Nf6 4.Nc3 dxc4 5.a4 Bf5 6.e3 e6 7.Bxc4 Bb4 8.O-O Nbd7
9.Qe2 O-O 10.Rd1 Qa5 11.e4 Bg4 12.h3 Bh5 13.Na2 Be7 14.Bd2 Qc7 15.Nc3 e5
16.d5 a5 17.Be3 Rfd8 18.Rac1 Nc5 19.g4 Bg6 20.Nxe5 Qxe5 21.f4 Qc7 22.e5 Nfe4
23.d6 Nxd6 24.exd6 Rxd6 25.f5 Rf6 26.Bd4 Rxf5 27.gxf5 Bxf5 28.Qe5 Qxe5 29.Bxe5 Bxh3
30.Bd6 Bxd6 31.Rxd6 Kf8 32.Re1 f6 33.Kf2 Bf5 34.Rd4 h5 35.Rh1 g6 36.Re1 Re8
37.Rd6 Rxe1 38.Rxf6+ Ke7 39.Rf7+ Ke8 40.Kxe1 Nd3+ 41.Ke2 Ne5 42.Rxb7 Nxc4
43.b4 axb4 44.Rxb4 Be6 45.Ne4 Kd8 46.Rb7 Kc8 47.Rh7 h4 48.Rxh4 Kc7 49.Nc5 Bd5
50.Kd3 Kb6 51.Nb3 g5 52.Rd4 g4 53.Kc3 Ne5 54.Rb4+ Ka6 55.Nc5+ Ka5 56.Nb7+ Ka6
57.Nc5+ Ka5 58.Rb7 g3 59.Ra7+ Kb6 60.Re7 g2 61.Kb4 Nd3+ 62.Nxd3 c5+  0-1

[Event "Reykjavik Open"]
[Site "Reykjavik ISL"]
[Date "2012.03.09"]
[Round "4.40"]
[White "Ragnarsson,Dagur"]
[Black "Henriksson,Jo"]
[Result "1/2-1/2"]
[WhiteElo "1858"]
[BlackElo "2279"]

1.c4 c6 2.Nf3 d5 3.g3 Nf6 4.Bg2 Bf5 5.cxd5 cxd5 6.Qb3 Qc8 7.Nc3 e6 8.O-O Be7
9.d3 O-O 10.Bf4 Nc6 11.Rac1 Qd7 12.e4 Bg4 13.exd5 Bxf3 14.Bxf3 Nd4 15.Qd1 Nxf3+
16.Qxf3 exd5 17.d4 Bb4 18.Be5 Bxc3 19.Rxc3 Ne4 20.Rc7 Qe6 21.Bf4 Qb6 22.Qb3 Qxd4
23.Be3 Qe5 24.Rxb7 d4 25.Bf4 Qf5 26.Rb5 Qg6 27.Rd1 Rad8 28.f3 Nd6 29.Rd5 Nf5
30.Ra5 Ne3 31.Rd3 Qc6 32.Bxe3 dxe3 33.Rxd8 Rxd8 34.Qxe3 Qc2 35.Rd5 Qb1+ 36.Kg2 Qc2+
37.Kg1 Qb1+  1/2-1/2

[Event "Reykjavik Open"]
[Site "Reykjavik ISL"]
[Date "2012.03.09"]
[Round "4.13"]
[White "Trella,T"]
[Black "Steingrimsson,H"]
[Result "1/2-1/2"]
[WhiteElo "2410"]
[BlackElo "2556"]

1.c4 c6 2.g3 d5 3.Bg2 Nf6 4.Nf3 dxc4 5.O-O Nbd7 6.Na3 Nb6 7.Qc2 Be6 8.Ne5 h5
9.Naxc4 Nxc4 10.Nxc4 h4 11.d3 g6 12.Ne5 Nd7 13.Nf3 hxg3 14.hxg3 Bg7 15.Ng5 Nf8
16.Bd2 Bd5 17.e4 Be6 18.Bc3 Bd4 19.Nf3 Bf6 20.Bxf6 exf6 21.d4  1/2-1/2

[Event "TCh-SVK Extraliga 2011-12"]
[Site "Slovakia SVK"]
[Date "2012.03.09"]
[Round "9.4"]
[White "Priehoda,V"]
[Black "Cech,P"]
[Result "0-1"]
[WhiteElo "2388"]
[BlackElo "2369"]

1.c4 c6 2.e4 d5 3.exd5 cxd5 4.d4 Nf6 5.Nc3 e6 6.Nf3 Be7 7.a3 dxc4 8.Bxc4 O-O
9.O-O Nbd7 10.Re1 Nb6 11.Bb3 Bd7 12.Ne5 Rc8 13.Re3 Nbd5 14.Rh3 Nxc3 15.bxc3 Bc6
16.Nxc6 Rxc6 17.Qd3 Qa5 18.Bd2 Rd8 19.c4 Qf5 20.d5 Qxd3 21.Rxd3 Rcc8 22.Bb4 Bc5
23.Rad1 exd5 24.cxd5 Ne4 25.Be1 Bxa3 26.Ba5 b6 27.Be1 Nc5 28.Re3 Nxb3 29.Rxb3 Rc1
30.Rxc1 Bxc1 31.Rc3 Bf4 32.Ra3 Rd7 33.Kf1 f6 34.Ke2 Re7+ 35.Kf3 Bc1  0-1

[Event "TCh-SVK Extraliga 2011-12"]
[Site "Slovakia SVK"]
[Date "2012.03.09"]
[Round "9.8"]
[White "Lakatos,V"]
[Black "Macko,M"]
[Result "0-1"]
[WhiteElo "2176"]
[BlackElo "2146"]

1.c4 c6 2.Nc3 d5 3.d4 Nf6 4.Nf3 a6 5.a4 dxc4 6.e4 Bg4 7.Bxc4 Bxf3 8.gxf3 e6
9.Be3 Nbd7 10.a5 Bb4 11.Qa4 Qe7 12.Ke2 e5 13.d5 O-O 14.dxc6 bxc6 15.Rac1 Rfc8
16.Rhd1 Bc5 17.Rc2 Bd4 18.Ba2 c5 19.Nd5 Nxd5 20.Bxd5 Rab8 21.b3 Nf6 22.Bc4 Qb7
23.Rg1 Kh8 24.Qa2 Ne8 25.Bd5 Qd7 26.Rg3 f5 27.Bxd4 cxd4 28.Rxc8 Rxc8 29.Bc4 Qd6
30.exf5 Nf6 31.Qb1 Nh5 32.Rg4 Nf4+ 33.Kf1 d3 34.Rxf4 d2 35.Ke2 exf4 36.Qc2 Rd8
37.Kd1 Qd4  0-1

[Event "TCh-SWE 2011-12"]
[Site "Sweden SWE"]
[Date "2012.03.09"]
[Round "7"]
[White "Norberg,Er"]
[Black "Lindgren,P"]
[Result "1/2-1/2"]
[WhiteElo "2236"]
[BlackElo "2152"]

1.c4 c6 2.Nf3 d5 3.g3 Nf6 4.Bg2 dxc4 5.a4 Na6 6.Ne5 Qd4 7.Nxc6 Qd6 8.Nxa7 Rxa7
9.Na3 Qb4 10.Nb5 Ra8 11.Ra3 e6 12.O-O Be7 13.d4 Qa5 14.Rc3 Nc7 15.Nxc7+ Qxc7
16.Qc2 O-O 17.Rxc4 Qb6 18.Bf4 Nd5 19.Bd2 Bd7 20.e4 Nb4 21.Qb3 Rxa4 22.Rfc1 Rd8
23.Rc7 Qxd4 24.Be3 Qd6 25.e5 Qd3 26.Qxd3 Nxd3 27.Rd1 Nxe5 28.f4 Be8 29.Rxd8 Bxd8
30.Rc8 Ra1+ 31.Kf2 Ng4+ 32.Ke2 Nxe3 33.Rxd8 Kf8 34.Kxe3 Ke7 35.Rc8 Bc6 36.Bxc6 bxc6
37.Rxc6 Rb1 38.Rc2 Kf6 39.Kd4 g5 40.fxg5+ Kxg5 41.Kc5 f5 42.b4 e5 43.b5 f4
44.gxf4+ Kxf4 45.Rf2+ Ke3 46.Rf7  1/2-1/2

[Event "TCh-CAT 2012"]
[Site "Catalunya ESP"]
[Date "2012.03.10"]
[Round "7.1"]
[White "Rakhmanov,Ale"]
[Black "Magem Badals,J"]
[Result "1/2-1/2"]
[WhiteElo "2593"]
[BlackElo "2545"]

1.c4 c6 2.d4 d5 3.Nf3 Nf6 4.Qb3 dxc4 5.Qxc4 Bf5 6.g3 e6 7.Bg2 Nbd7 8.O-O Be7
9.e3 O-O 10.Rd1 e5 11.Nc3 Qc7 12.h3 Rad8 13.Qe2 h6 14.e4 Bh7 15.Nxe5 Nxe5
16.Bf4 Nfd7 17.dxe5 Nxe5 18.Be3 b5 19.f4 Nc4 20.Bf2 Bb4 21.e5 a6 22.Ne4 Rxd1+
23.Rxd1 Rd8 24.b3 Rxd1+ 25.Qxd1 Bxe4 26.Bxe4 Nd2 27.Bg2 Qd7 28.Qc2 c5 29.Be3 c4
30.Kf2 Qd3 31.Qxd3 cxd3 32.Bb7 a5 33.Bd4 Nb1 34.Ke3 d2 35.Bf3 Nc3 36.Kxd2 Nxa2+
37.Kc2 Be1 38.g4 Nb4+ 39.Kb1 a4 40.bxa4 bxa4 41.Bd1 Bg3 42.f5 Nc6 43.Be3 Bxe5
44.Bxa4 Nd4 45.Kc1 h5 46.Kd2 hxg4 47.hxg4 Bf6 48.Kd3 Nf3 49.Ke4 Ng5+ 50.Kd5 g6
51.fxg6 fxg6 52.Kd6 Kg7 53.Kd7 Nf7 54.Ke6 Ng5+ 55.Kd5 Nf7 56.Bd1 Ng5 57.Be2 Nf7
58.Ke6 Ng5+ 59.Kd7 Ne4 60.Bf3 Ng5 61.Be2 Ne4 62.Bc1 Ng5 63.Ke8 Nh7 64.Ba3 Bg5
65.Bb2+  1/2-1/2

[Event "TCh-CAT 2012"]
[Site "Catalunya ESP"]
[Date "2012.03.10"]
[Round "7.3"]
[White "Moskalenko,V1"]
[Black "Alonso Rosell,A"]
[Result "1/2-1/2"]
[WhiteElo "2532"]
[BlackElo "2513"]

1.c4 c6 2.Nf3 d5 3.e3 Nf6 4.Nc3 e6 5.b3 Bd6 6.Bb2 O-O 7.Qc2 dxc4 8.Bxc4 e5
9.Ng5 Nbd7 10.h4 Nb6 11.Bd3 h6 12.Nge4 Nxe4 13.Nxe4 Bc7 14.Ng3 Nd5 15.a3 Be6
16.Bh7+ Kh8 17.Bf5 Qd7 18.Bxe6 Qxe6 19.Qf5 Qxf5 20.Nxf5 h5 21.Ng3 Nf6 22.Ke2 Rad8
23.f3 g6 24.Rac1 Rd5 25.Ne4 Nxe4 26.fxe4 Rb5 27.b4 a5 28.Rc5 axb4 29.Rxb5 cxb5
30.axb4 Bd6 31.Ra1 Rc8 32.Ra5 f6 33.Rxb5 Rc7 34.Bc3 Kg7 35.Rd5 Be7 36.Rxe5 Bxb4
37.Rb5 Bxc3 38.dxc3 Rxc3 39.Rxb7+ Kf8 40.Rb5 Kf7 41.e5 f5 42.Rb7+ Kf8 43.Rb6 Kf7
44.Rb7+ Kf8 45.Kf3 Rc4 46.g3 Re4 47.Rb5 Kf7 48.Ra5 Ke6 49.Ra6+  1/2-1/2

[Event "ch-Moscow Final 2012"]
[Site "Moscow RUS"]
[Date "2012.03.10"]
[Round "1"]
[White "Dragomarezkij,E"]
[Black "Tarasov,O"]
[Result "1/2-1/2"]
[WhiteElo "2411"]
[BlackElo "2276"]

1.c4 c6 2.Nf3 d5 3.b3 Nf6 4.Bb2 Bg4 5.e3 e6 6.Be2 Nbd7 7.cxd5 exd5 8.O-O Bd6
9.d3 O-O 10.Nbd2 Re8 11.Re1 Qe7 12.Qc2 Ne5 13.Bxe5 Bxe5 14.Nxe5 Qxe5 15.Bxg4 Nxg4
16.Nf3 Qd6 17.Rac1 Ne5 18.Qe2 Nxf3+ 19.Qxf3 c5 20.Qg3 Qxg3 21.hxg3 Rac8 22.Rc2 Rc6
23.Rec1 Rec8 24.g4 h6 25.f4 Kf8 26.Kf2 Ke7 27.e4 dxe4 28.dxe4 b5 29.Ke3 c4
30.bxc4 bxc4 31.Rc3 R8c7 32.a4 Kd7 33.e5 Ke7 34.f5 Rc8 35.Rb1 R6c7 36.Rb4 Ke8
37.Ke4 Ke7 38.g3 Ke8 39.Kf4 Ke7 40.g5 hxg5+ 41.Kxg5 f6+ 42.Kf4 fxe5+ 43.Kxe5 Rc5+
44.Kf4 R8c7 45.g4 g6 46.Kg5 gxf5 47.gxf5 Kf7 48.Rb1 Rc8 49.Rh3 Rg8+ 50.Kf4 Rc7
51.Rc1 Rc5 52.Rcc3 Rd8 53.Rh7+ Kf6 54.Rh6+ Kf7 55.Ra6 Rdd5 56.Rxa7+ Kf6 57.Ra6+ Kf7
58.f6 Rf5+ 59.Ke4 Rce5+ 60.Kd4 Rd5+ 61.Kxc4 Rc5+ 62.Kb4 Rxc3 63.Kxc3 Rf4
64.a5 Rf5 65.Kb4 Rf4+ 66.Kb5 Rf5+ 67.Kc6 Rxf6+ 68.Kb7 Rf5 69.Ra8 Kg7 70.Ra7 Kg6
71.Kc6 Rf6+ 72.Kd5 Rf5+ 73.Ke4 Rb5 74.Ra6+ Kg7 75.Ra8 Rc5 76.Ra6 Rb5 77.Kd4 Rf5
78.Ra7+ Kg6 79.Ra8 Kg7 80.Kc4 Kh7 81.Kb4 Rf4+ 82.Kc5 Rf5+ 83.Kd6 Kg7 84.Ke6 Rb5
85.a6 Rb6+ 86.Ke7 Rc6 87.Ra7 Kg8 88.Kd7 Rf6 89.Kc7 Rf7+ 90.Kb6 Rf6+ 91.Kb5 Rf5+
92.Kc6 Rf6+ 93.Kd5 Kh8 94.Kc5 Rf5+ 95.Kd6 Rf6+ 96.Ke7 Rg6 97.Ra8+ Kh7  1/2-1/2